Piłkarze Barcelony 2! - Statystyki

Ogólne statystyki
  • Ten quiz został rozwiązany 123 razy
    121 od ostatniego zresetowania
  • Średni wynik to 54 z 144
Statystyki odpowiedzi
Pozycja Narodowość Obecny klub Zawodnik % Poprawnych
Napastnik Argentyna Barcelona Messi
93%
Bramkarz Niemcy Barcelona ter Stegen
93%
Napastnik Brazylia PSG Neymar
87%
Pomocnik Hiszpania Celta Vigo Suarez
87%
Napastnik Urugwaj Atletico Madryt Suarez
87%
Obrońca Hiszpania Barcelona Pique
86%
Pomocnik Hiszpania - Xavi
84%
Pomocnik Hiszpania Vissel Kobe Iniesta
81%
Bramkarz Hiszpania - Valdes
81%
Bramkarz Chile Real Betis Bravo
79%
Obrońca Hiszpania - Puyol
79%
Obrońca Hiszpania Barcelona Alba
77%
Bramkarz Brazylia Barcelona Neto
75%
Pomocnik Holandia Barcelona de Jong
73%
Obrońca Brazylia Sao Paulo Alves
71%
Pomocnik Chorwacja Sevilla Rakitic
71%
Pomocnik Hiszpania Barcelona Busquets
70%
Obrońca Urugwaj Barcelona Araujo
68%
Napastnik Francja Barcelona Dembele
68%
Pomocnik Hiszpania Barcelona Pedri
68%
Pomocnik Hiszpania Western United Sanchez
68%
Napastnik Chile Inter Mediolan Sanchez
68%
Obrońca Hiszpania Sevilla Vidal
68%
Pomocnik Chile Inter Mediolan Vidal
68%
Pomocnik Brazylia - Ronaldinho
67%
Obrońca Francja Barcelona Umtiti
67%
Napastnik Szwecja Milan Ibrahimovic
66%
Obrońca Francja Barcelona Lenglet
66%
Napastnik Kamerun - Etoo
65%
Bramkarz Holandia Valencia Cillessen
64%
Napastnik Hiszpania Roma Pedro
64%
Napastnik Hiszpania - Villa
63%
Pomocnik Hiszpania Liverpool Thiago
62%
Obrońca Francja - Abidal
61%
Napastnik Francja Barcelona Griezmann
61%
Pomocnik Bośnia i Hercegowina Barcelona Pjanic
61%
Pomocnik Argentyna - Mascherano
58%
Obrońca Hiszpania Barcelona Roberto
58%
Obrońca USA Barcelona Dest
57%
Napastnik Hiszpania Barcelona Fati
57%
Napastnik Francja - Henry
57%
Napastnik Turcja Galatasaray Turan
57%
Pomocnik Brazylia Juventus Arthur
56%
Pomocnik Hiszpania Monaco Fabregas
56%
Obrońca Portugalia Wolverhampton Semedo
56%
Pomocnik Brazylia Barcelona Coutinho
53%
Pomocnik Portugalia Everton Gomes
53%
Bramkarz Hiszpania - Pinto
51%
Pomocnik WKS - Toure
51%
Pomocnik Brazylia Guangzhou Evergrande Paulinho
50%
Obrońca Hiszpania Real Betis Bartra
48%
Napastnik Dania Barcelona Braithwaite
48%
Napastnik Brazylia Zenit Malcom
48%
Bramkarz Hiszpania Lazio Reina
47%
Napastnik Portugalia Barcelona Trincao
47%
Pomocnik Portugalia - Deco
46%
Obrońca Francja Everton Digne
46%
Obrońca Meksyk - Marquez
46%
Pomocnik Brazylia PSG Rafinha
46%
Napastnik Szwecja - Larsson
45%
Napastnik Hiszpania Udinese Deulofeu
42%
Pomocnik Meksyk LA Galaxy dos Santos
42%
Napastnik Meksyk Club America dos Santos
42%
Obrońca Belgia Vissel Kobe Vermaelen
40%
Napastnik Hiszpania - Garcia
39%
Napastnik Hiszpania Montanesa Garcia
39%
Napastnik Hiszpania - Garcia
39%
Pomocnik Hiszpania Barcelona Puig
39%
Pomocnik Brazylia - Rivaldo
39%
Obrońca Hiszpania Barcelona Mingueza
38%
Pomocnik Kamerun AS Arta/Solar7 Song
38%
Napastnik Hiszpania Bez klubu Krkic
36%
Pomocnik Mali - Keita
35%
Napastnik Hiszpania Sevilla Munir
34%
Pomocnik Hiszpania Getafe Alena
32%
Pomocnik Bialorus - Hleb
32%
Napastnik Hiszpania Real Betis Tello
32%
Pomocnik Hiszpania - Guardiola
28%
Napastnik Holandia - Kluivert
28%
Pomocnik Hiszpania Vissel Kobe Samper
28%
Obrońca Urugwaj Fiorentina Caceres
27%
Obrońca Francja - Mathieu
27%
Obrońca Włochy - Zambrotta
27%
Obrońca Hiszpania Barcelona Firpo
26%
Obrońca Holandia - van Bronckhorst
26%
Obrońca Brazylia Eupen Adriano
25%
Napastnik Hiszpania Villarreal Alcacer
24%
Pomocnik Finlandia - Litmanen
24%
Obrońca Hiszpania Real Betis Montoya
24%
Obrońca Brazylia - Maxwell
23%
Pomocnik Holandia - Afellay
21%
Obrońca Holandia - de Boer
21%
Pomocnik Hiszpania - Enrique
21%
Pomocnik Hiszpania Barcelona Moriba
21%
Napastnik Hiszpania Roma Perez
21%
Pomocnik Holandia - van Bommel
20%
Obrońca Brazylia - Belletti
19%
Obrońca Hiszpania - Lopez
19%
Pomocnik Hiszpania - Lopez
19%
Napastnik Argentyna Sambenedettese Lopez
19%
Obrońca Argentyna - Milito
19%
Pomocnik Argentyna - Riquelme
19%
Napastnik Argentyna - Saviola
19%
Pomocnik Włochy - Motta
18%
Napastnik Portugalia Vitoria Guimaraes Quaresma
17%
Obrońca Francja - Thuram
17%
Napastnik Hiszpania Pauzuje Cuenca
15%
Napastnik Francja - Giuly
15%
Pomocnik Holandia - Davids
14%
Napastnik Islandia - Gudjohnsen
13%
Napastnik Hiszpania Huesca Ramirez
13%
Pomocnik Wenezuela Al-Dhaid Jeffren
12%
Obrońca Hiszpania - Oleguer
12%
Napastnik Holandia - Overmars
12%
Obrońca Brazylia - Sylvinho
12%
Pomocnik Brazylia - Edmilson
9%
Obrońca Ukraina AEK Ateny Chygrynskyi
8%
Obrońca Hiszpania Kansas Fontas
8%
Pomocnik Francja - Petit
8%
Napastnik Hiszpania Mallorca Cardona
7%
Pomocnik Holandia - Cocu
7%
Pomocnik Hiszpania - Gabri
7%
Bramkarz Hiszpania - Jorquera
7%
Bramkarz Argentyna - Bonano
6%
Napastnik Holandia - Zenden
6%
Obrońca Szwecja - Andersson
5%
Obrońca Włochy - Coco
5%
Obrońca Holandia - Reiziger
5%
Pomocnik Brazylia - Rochemback
5%
Obrońca Francja - Christanval
4%
Bramkarz Francja - Dutruel
4%
Napastnik Hiszpania - Ezquerro
4%
Pomocnik Brazylia - Geovanni
4%
Pomocnik Hiszpania - Mendieta
4%
Obrońca Hiszpania - Navarro
4%
Napastnik Portugalia - Simao
4%
Obrońca Hiszpania - Abelardo
3%
Napastnik Hiszpania - Alfonso
3%
Obrońca Hiszpania - Barjuan
3%
Pomocnik Hiszpania - de la Pena
3%
Obrońca Argentyna - Sorin
3%
Bramkarz Hiszpania - Arnau
2%
Obrońca Nigeria - Okunowo
2%
Obrońca Hiszpania - Damia
1%
Nie znaleziono quizów pasujących do podanych kryteriów
Rozkład punktacji
Procent ludzi z każdym wynikiem
Percentyl według liczby udzielonych odpowiedzi
Twoja historia wyników
Nie rozwiązałeś tego quizu od ostatniego zresetowania